Transpozícia a implementácia Rámcovej smernice o vode na Slovensku

Povinnosť členských štátov EÚ transponovať Rámcové smernice o vode /RSV/ do národnej legislatívy do 22.12.2003. Základné princípy a požiadavky vyplývajúce z RSV. Hlavné aspekty implementácie RSV. Transpozícia RSV. Príprava na implementáciu na Slovensku.

Salvato in:
Dettagli Bibliografici
Autore principale: Bartková, Eleonóra
Natura: Capitolo di libro
Lingua:slovacco
Soggetti:
Tags: Aggiungi Tag
Nessun Tag, puoi essere il primo ad aggiungerne!!

MARC

LEADER 00000naa a2200000 4500
001 r048213
005 20230925120346.6
041 0 |a slo 
044 |a SK 
245 1 0 |a Transpozícia a implementácia Rámcovej smernice o vode na Slovensku  |c Eleonóra Bartková 
520 |a Povinnosť členských štátov EÚ transponovať Rámcové smernice o vode /RSV/ do národnej legislatívy do 22.12.2003. Základné princípy a požiadavky vyplývajúce z RSV. Hlavné aspekty implementácie RSV. Transpozícia RSV. Príprava na implementáciu na Slovensku. 
610 2 0 |a voda 
610 2 0 |a smernice 
610 2 0 |a Európska únia 
610 2 0 |a Slovensko 
610 2 0 |a ochrana prostredia životného 
610 2 0 |a aproximácia práva 
100 1 |a Bartková, Eleonóra